[Event "DSJ Weihnachtsturnier U16: Lasker 2020"]
[Site ""]
[Date "2020.12.28"]
[Round "2"]
[White "Neves, Carlos"]
[Black "Borghini, Antoine"]
[Result "1-0"]
[Termination "normal"]
[Board "9.3"]
[WhiteElo "1457"]
[BlackElo "1384"]
[WhiteTeam "OSG Baden-Baden 2"]
[BlackTeam "Bielefelder Schachklub von 1883"]
[PlyCount "47"]
[WhiteFideId "16258320"]
[BlackFideId "34616144"]
[EventRounds "7"]
[EventType "team-swiss"]
[EventDate "2020.12.28"]

1. d4 {[%emt 0:00:04]} e6 {[%emt 0:00:02]} 2. c4 {[%emt 0:00:03]} Nf6 {[%emt
0:00:03]} 3. Nf3 {[%emt 0:00:02]} Bb4+ {[%emt 0:00:04]} 4. Bd2 {[%emt 0:00:03]}
Qe7 {[%emt 0:00:02]} 5. g3 {[%emt 0:00:02]} O-O {[%emt 0:00:07]} 6. Bg2 { [%emt
0:00:02]} Bxd2+ {[%emt 0:00:13]} 7. Nbxd2 {[%emt 0:00:08]} d6 {[%emt 0:00:04]}
8. O-O {[%emt 0:00:11]} Re8 {[%emt 0:00:13]} 9. Qc2 {[%emt 0:00:35]} Nbd7
{[%emt 0:00:03]} 10. Rfe1 {[%emt 0:01:19]} Nf8 {[%emt 0:00:04]} 11. e4 { [%emt
0:00:52]} Ng6 {[%emt 0:00:04]} 12. e5 {[%emt 0:00:25]} dxe5 {[%emt 0:00:09]}
13. dxe5 {[%emt 0:00:07]} Nd7 {[%emt 0:00:02]} 14. h4 {[%emt 0:00:23]} f6
{[%emt 0:00:46]} 15. exf6 {[%emt 0:00:15]} Nxf6 {[%emt 0:00:03]} 16. Ng5 {
[%emt 0:00:13]} Bd7 {[%emt 0:00:16]} 17. Nde4 {[%emt 0:00:27]} Nxe4 {[%emt
0:00:05]} 18. Bxe4 {[%emt 0:00:13]} c6 {[%emt 0:00:03]} 19. Bxg6 {[%emt
0:00:07]} hxg6 {[%emt 0:00:04]} 20. Qxg6 {[%emt 0:00:00]} Kf8 {[%emt 0:00:03]}
21. Qh7 { [%emt 0:00:12]} Qf6 {[%emt 0:00:04]} 22. Rad1 {[%emt 0:00:42]} Ke7
{[%emt 0:00:07]} 23. Rd2 {[%emt 0:00:43]} Kd8 {[%emt 0:00:15]} 24. Red1 {[%emt
0:00:10]} 1-0

[Event "DSJ Weihnachtsturnier U16: Lasker 2020"]
[Site ""]
[Date "2020.12.28"]
[Round "2"]
[White "Vervay, Leon"]
[Black "Stankovic, David"]
[Result "0-1"]
[Termination "normal"]
[Board "9.4"]
[WhiteElo "1004"]
[BlackElo "1314"]
[WhiteTeam "Bielefelder Schachklub von 1883"]
[BlackTeam "OSG Baden-Baden 2"]
[PlyCount "62"]
[BlackFideId "16240685"]
[EventRounds "7"]
[EventType "team-swiss"]
[EventDate "2020.12.28"]

1. e4 {[%emt 0:00:04]} e5 {[%emt 0:00:22]} 2. Nf3 {[%emt 0:00:03]} Nc6 { [%emt
0:00:03]} 3. Bc4 {[%emt 0:00:04]} Nf6 {[%emt 0:00:09]} 4. Ng5 {[%emt 0:00:29]}
Bc5 {[%emt 0:00:25]} 5. c3 {[%emt 0:00:29]} O-O {[%emt 0:00:08]} 6. d3 {[%emt
0:00:04]} d6 {[%emt 0:00:04]} 7. O-O {[%emt 0:00:13]} Bg4 {[%emt 0:00:06]} 8.
Nf3 {[%emt 0:00:47]} h6 {[%emt 0:00:28]} 9. h3 {[%emt 0:00:04]} Bh5 { [%emt
0:00:02]} 10. b4 {[%emt 0:00:34]} Bb6 {[%emt 0:00:02]} 11. a4 {[%emt 0:00:06]}
a5 {[%emt 0:00:05]} 12. Be3 {[%emt 0:00:44]} Bxe3 {[%emt 0:00:08]} 13. fxe3
{[%emt 0:00:03]} axb4 {[%emt 0:00:03]} 14. cxb4 {[%emt 0:00:03]} Nxb4 { [%emt
0:00:03]} 15. Qb3 {[%emt 0:00:19]} c5 {[%emt 0:00:18]} 16. Nbd2 {[%emt
0:00:06]} Qa5 {[%emt 0:00:07]} 17. d4 {[%emt 0:00:53]} exd4 {[%emt 0:00:09]}
18. exd4 {[%emt 0:00:02]} Bxf3 {[%emt 0:00:06]} 19. Nxf3 {[%emt 0:00:07]} Nxe4
{ [%emt 0:00:04]} 20. Nd2 {[%emt 0:01:41]} Nxd2 {[%emt 0:00:10]} 21. Bxf7+ {
[%emt 0:00:02]} Kh8 {[%emt 0:00:04]} 22. Qd1 {[%emt 0:02:20]} Nxf1 {[%emt
0:00:22]} 23. Kxf1 {[%emt 0:00:06]} Rxf7+ {[%emt 0:00:05]} 24. Kg1 {[%emt
0:00:05]} Raf8 {[%emt 0:00:05]} 25. Kh2 {[%emt 0:00:03]} cxd4 {[%emt 0:00:04]}
26. Qxd4 { [%emt 0:00:12]} Nc2 {[%emt 0:00:03]} 27. Qd1 {[%emt 0:00:05]} Nxa1
{[%emt 0:00:04]} 28. Qxa1 {[%emt 0:00:01]} Qe5+ {[%emt 0:00:02]} 29. Kg1 {[%emt
0:00:05]} Qxa1+ {[%emt 0:00:02]} 30. Kh2 {[%emt 0:00:02]} Qe5+ {[%emt 0:00:03]}
31. Kg1 { [%emt 0:00:01]} Rf1# {[%emt 0:00:01]} 0-1

[Event "DSJ Weihnachtsturnier U16: Lasker 2020"]
[Site ""]
[Date "2020.12.28"]
[Round "2"]
[White "Artukovic, Benjamin"]
[Black "Pougin, Elias"]
[Result "0-1"]
[Termination "time forfeit"]
[Board "10.1"]
[WhiteElo "1358"]
[BlackElo "1838"]
[WhiteTeam "SC Weisse Dame"]
[BlackTeam "Schachfreunde Gern"]
[PlyCount "100"]
[WhiteFideId "16204255"]
[BlackFideId "16263251"]
[EventRounds "7"]
[EventType "team-swiss"]
[EventDate "2020.12.28"]

1. d4 {[%emt 0:00:09]} d5 {[%emt 0:00:03]} 2. c4 {[%emt 0:00:02]} e6 {[%emt
0:00:05]} 3. Nc3 {[%emt 0:00:02]} Nf6 {[%emt 0:00:04]} 4. Bg5 {[%emt 0:00:08]}
Be7 {[%emt 0:00:02]} 5. Nf3 {[%emt 0:00:14]} Nbd7 {[%emt 0:00:13]} 6. e3 {
[%emt 0:00:02]} O-O {[%emt 0:00:02]} 7. Bd3 {[%emt 0:00:02]} dxc4 {[%emt
0:00:01]} 8. Bxc4 {[%emt 0:00:00]} c5 {[%emt 0:00:02]} 9. O-O {[%emt 0:00:05]}
cxd4 {[%emt 0:00:12]} 10. Nxd4 {[%emt 0:00:08]} Ne5 {[%emt 0:00:14]} 11. Bb3 {
[%emt 0:00:07]} Ng6 {[%emt 0:00:02]} 12. Qe2 {[%emt 0:00:40]} h6 {[%emt
0:00:05]} 13. Bxf6 {[%emt 0:00:03]} Bxf6 {[%emt 0:00:02]} 14. Rfd1 {[%emt
0:00:02]} Qe7 {[%emt 0:00:41]} 15. Rd2 {[%emt 0:00:23]} Rd8 {[%emt 0:00:15]}
16. Rad1 { [%emt 0:00:04]} Bd7 {[%emt 0:00:06]} 17. Ne4 {[%emt 0:00:31]} Bxd4
{[%emt 0:00:27]} 18. Rxd4 {[%emt 0:00:09]} Bc6 {[%emt 0:00:02]} 19. Ng3 {[%emt
0:00:35]} Rxd4 {[%emt 0:00:13]} 20. Rxd4 {[%emt 0:00:00]} Rd8 {[%emt 0:00:01]}
21. Qd2 { [%emt 0:00:16]} Rxd4 {[%emt 0:00:05]} 22. Qxd4 {[%emt 0:00:00]} b6
{[%emt 0:01:30]} 23. h3 {[%emt 0:00:36]} Qd7 {[%emt 0:00:59]} 24. Ne2 {[%emt
0:00:51]} Ne7 {[%emt 0:00:32]} 25. Qxd7 {[%emt 0:00:33]} Bxd7 {[%emt 0:00:03]}
26. Nd4 { [%emt 0:00:01]} Nc6 {[%emt 0:00:10]} 27. Ba4 {[%emt 0:00:51]} Nxd4
{[%emt 0:00:37]} 28. Bxd7 {[%emt 0:00:03]} Ne2+ {[%emt 0:00:01]} 29. Kf1 {[%emt
0:00:03]} Nc1 {[%emt 0:00:02]} 30. a3 {[%emt 0:00:19]} Nd3 {[%emt 0:00:11]} 31.
b4 { [%emt 0:00:31]} Ne5 {[%emt 0:00:04] SF-Gern1-001 offers a draw} 32. Bb5 {
[%emt 0:00:24]} Kf8 {[%emt 0:00:06]} 33. Ke2 {[%emt 0:00:01]} Ke7 {[%emt
0:00:02]} 34. f4 {[%emt 0:00:01]} Nd7 {[%emt 0:00:19]} 35. Kd3 {[%emt 0:00:09]}
Kd6 {[%emt 0:00:02]} 36. Bxd7 {[%emt 0:00:49]} Kxd7 {[%emt 0:00:02]} 37. Kd4 {
[%emt 0:00:00]} Kd6 {[%emt 0:00:21]} 38. a4 {[%emt 0:00:15]} a6 {[%emt 0:00:08]
} 39. e4 {[%emt 0:00:10]} f6 {[%emt 0:00:19]} 40. e5+ {[%emt 0:00:40]} fxe5+ {
[%emt 0:00:42]} 41. fxe5+ {[%emt 0:00:00]} Kc6 {[%emt 0:00:02]} 42. Kc4 { [%emt
0:00:05]} a5 {[%emt 0:00:15]} 43. b5+ {[%emt 0:00:27]} Kd7 {[%emt 0:00:05]} 44.
Kd4 {[%emt 0:00:02]} g5 {[%emt 0:00:30]} 45. Ke4 {[%emt 0:00:16]} Ke7 {[%emt
0:00:02]} 46. Kf3 {[%emt 0:00:10]} Kf7 {[%emt 0:00:02]} 47. Kg4 { [%emt
0:00:03]} Kg6 {[%emt 0:00:02]} 48. h4 {[%emt 0:00:24]} h5+ {[%emt 0:01:00]} 49.
Kf3 {[%emt 0:00:09]} gxh4 {[%emt 0:00:04]} 50. Ke4 {[%emt 0:00:01]} Kg5 {[%emt
0:00:02] TimeW} 0-1

[Event "DSJ Weihnachtsturnier U16: Lasker 2020"]
[Site ""]
[Date "2020.12.28"]
[Round "2"]
[White "Ajdari, Ardian"]
[Black "Movsisyan, Andranik"]
[Result "1/2-1/2"]
[Termination "normal"]
[Board "10.2"]
[WhiteElo "1560"]
[BlackElo "1578"]
[WhiteTeam "Schachfreunde Gern"]
[BlackTeam "SC Weisse Dame"]
[PlyCount "161"]
[WhiteFideId "34603662"]
[BlackFideId "16240391"]
[EventRounds "7"]
[EventType "team-swiss"]
[EventDate "2020.12.28"]

1. e4 {[%emt 0:00:10] WeisseD3-002 reconnected.} d5 {[%emt 0:00:20]} 2. exd5 {
[%emt 0:00:04]} Qxd5 {[%emt 0:00:02]} 3. Nc3 {[%emt 0:00:01]} Qa5 {[%emt
0:00:02]} 4. Bc4 {[%emt 0:00:28]} Nf6 {[%emt 0:00:03]} 5. Nf3 {[%emt 0:00:03]}
Bf5 { [%emt 0:00:07]} 6. d3 {[%emt 0:00:12]} c6 {[%emt 0:00:04]} 7. Bd2 {[%emt
0:00:04]} Qc7 {[%emt 0:00:28]} 8. O-O {[%emt 0:00:34]} Nbd7 {[%emt 0:00:09]} 9.
Nd4 {[%emt 0:01:04]} Bg6 {[%emt 0:00:19]} 10. Qf3 {[%emt 0:00:21]} Ne5 {[%emt
0:01:23]} 11. Qg3 {[%emt 0:00:09]} Nh5 {[%emt 0:00:28]} 12. Qh4 {[%emt
0:00:10]} Nxc4 {[%emt 0:00:31]} 13. dxc4 {[%emt 0:00:03]} e5 {[%emt 0:00:16]}
14. Rfe1 { [%emt 0:00:18]} Be7 {[%emt 0:00:57]} 15. Bg5 {[%emt 0:00:37]} Bxg5
{[%emt 0:00:23]} 16. Qxg5 {[%emt 0:00:03]} f6 {[%emt 0:00:02]} 17. Qg4 {[%emt
0:00:20]} O-O {[%emt 0:00:44]} 18. Ne6 {[%emt 0:00:21]} Qc8 {[%emt 0:00:12]}
19. Qh3 { [%emt 0:01:08]} Re8 {[%emt 0:00:21]} 20. Nc5 {[%emt 0:00:26]} Qxh3
{[%emt 0:00:05]} 21. gxh3 {[%emt 0:00:01]} Nf4 {[%emt 0:00:04]} 22. Nxb7 {[%emt
0:00:06]} Nxh3+ {[%emt 0:00:03]} 23. Kg2 {[%emt 0:00:16]} Ng5 {[%emt 0:00:00]}
24. h4 { [%emt 0:00:10]} Ne6 {[%emt 0:00:07]} 25. Nd6 {[%emt 0:00:02]} Rf8
{[%emt 0:00:08]} 26. Rad1 {[%emt 0:00:05]} Nf4+ {[%emt 0:00:03]} 27. Kf3 {[%emt
0:00:09]} Bh5+ {[%emt 0:00:03]} 28. Kg3 {[%emt 0:00:02]} Bxd1 {[%emt 0:00:03]}
29. Rxd1 { [%emt 0:00:00]} Rfd8 {[%emt 0:00:09]} 30. c5 {[%emt 0:00:01]} Rab8
{[%emt 0:00:08]} 31. b3 {[%emt 0:00:02]} a5 {[%emt 0:00:02]} 32. Na4 {[%emt
0:00:02]} Ne2+ {[%emt 0:00:02]} 33. Kg4 {[%emt 0:00:05]} g6 {[%emt 0:00:04]}
34. Nb6 {[%emt 0:00:03]} h5+ {[%emt 0:00:02]} 35. Kh3 {[%emt 0:00:07]} Nf4+
{[%emt 0:00:01]} 36. Kh2 {[%emt 0:00:02]} g5 {[%emt 0:00:05]} 37. hxg5 {[%emt
0:00:02]} fxg5 { [%emt 0:00:01]} 38. Re1 {[%emt 0:00:01]} g4 {[%emt 0:00:02]}
39. Rxe5 {[%emt 0:00:02]} Ng6 {[%emt 0:00:02]} 40. Rxh5 {[%emt 0:00:03]} Rxb6
{[%emt 0:00:02]} 41. cxb6 {[%emt 0:00:09]} Rxd6 {[%emt 0:00:01]} 42. b7 {[%emt
0:00:02]} Rd8 { [%emt 0:00:02]} 43. Rg5 {[%emt 0:00:01]} Kg7 {[%emt 0:00:02]}
44. Rxa5 { [%emt 0:00:02]} Rb8 {[%emt 0:00:02]} 45. Ra7 {[%emt 0:00:09]} Kf6
{[%emt 0:00:05]} 46. a4 {[%emt 0:00:01]} Ne5 {[%emt 0:00:02]} 47. a5 {[%emt
0:00:01]} Nd7 { [%emt 0:00:07]} 48. a6 {[%emt 0:00:01]} Nb6 {[%emt 0:00:02]}
49. c4 {[%emt 0:00:01]} c5 {[%emt 0:00:02]} 50. b4 {[%emt 0:00:02]} cxb4 {[%emt
0:00:01]} 51. c5 {[%emt 0:00:01]} b3 {[%emt 0:00:01]} 52. cxb6 {[%emt 0:00:01]}
b2 {[%emt 0:00:00]} 53. Ra8 {[%emt 0:00:00]} b1=Q {[%emt 0:00:02]} 54. Rxb8
{[%emt 0:00:01] } Qh7+ {[%emt 0:00:02]} 55. Kg3 {[%emt 0:00:03]} Qd3+ {[%emt
0:00:02]} 56. Kxg4 {[%emt 0:00:02]} Qe4+ {[%emt 0:00:01]} 57. Kg3 {[%emt
0:00:01]} Qe5+ {[%emt 0:00:04]} 58. Kg2 {[%emt 0:00:02]} Qxb8 {[%emt 0:00:02]}
59. Kf3 {[%emt 0:00:06]} Kf5 {[%emt 0:00:07]} 60. Ke3 {[%emt 0:00:01]} Qf4+
{[%emt 0:00:01]} 61. Kd3 { [%emt 0:00:01]} Qe5 {[%emt 0:00:01]} 62. a7 {[%emt
0:00:03]} Qd5+ {[%emt 0:00:00]} 63. Kc3 {[%emt 0:00:02]} Qxb7 {[%emt 0:00:01]}
64. Kc4 {[%emt 0:00:01]} Kf4 {[%emt 0:00:00]} 65. Kc5 {[%emt 0:00:01]} Kf3
{[%emt 0:00:01]} 66. Kd6 { [%emt 0:00:04]} Kxf2 {[%emt 0:00:00]} 67. Ke6 {[%emt
0:00:01]} Ke2 {[%emt 0:00:00]} 68. Ke5 {[%emt 0:00:04]} Kd3 {[%emt 0:00:00]}
69. Kd6 {[%emt 0:00:02]} Kc4 {[%emt 0:00:00]} 70. Ke5 {[%emt 0:00:01]} Kb5
{[%emt 0:00:00]} 71. a8=Q { [%emt 0:00:02]} Kxb6 {[%emt 0:00:00]} 72. Qd8+
{[%emt 0:00:02]} Ka6 {[%emt 0:00:05]} 73. Qd6+ {[%emt 0:00:03]} Ka7 {[%emt
0:00:05]} 74. Qa3+ {[%emt 0:00:03] } Kb8 {[%emt 0:00:01]} 75. Qd6+ {[%emt
0:00:03]} Ka8 {[%emt 0:00:08]} 76. Qd8+ {[%emt 0:00:02]} Ka7 {[%emt 0:00:01]}
77. Qa5+ {[%emt 0:00:01]} Kb8 {[%emt 0:00:01]} 78. Qd8+ {[%emt 0:00:01]} Ka7
{[%emt 0:00:01]} 79. Qa5+ {[%emt 0:00:01] } Qa6 {[%emt 0:00:02]} 80. Qc7+
{[%emt 0:00:06]} Qb7 {[%emt 0:00:02]} 81. Qa5+ {[%emt 0:00:01]} 1/2-1/2

[Event "DSJ Weihnachtsturnier U16: Lasker 2020"]
[Site ""]
[Date "2020.12.28"]
[Round "2"]
[White "Ramien, Hannah"]
[Black "Dittenberger, Nico"]
[Result "1/2-1/2"]
[Termination "normal"]
[Board "11.1"]
[WhiteElo "1396"]
[BlackElo "1419"]
[WhiteTeam "Schachgemeinschaft Porz 2"]
[BlackTeam "SC Landskrone"]
[PlyCount "74"]
[WhiteFideId "16209982"]
[BlackFideId "12996254"]
[EventRounds "7"]
[EventType "team-swiss"]
[EventDate "2020.12.28"]

1. e4 {[%emt 0:00:16]} e5 {[%emt 0:00:02]} 2. Nf3 {[%emt 0:00:02]} Nc6 { [%emt
0:00:01]} 3. Bc4 {[%emt 0:00:02]} Bc5 {[%emt 0:00:04]} 4. c3 {[%emt 0:00:02]}
Nf6 {[%emt 0:00:04]} 5. d3 {[%emt 0:00:02]} h6 {[%emt 0:00:08]} 6. Nbd2 { [%emt
0:00:02]} O-O {[%emt 0:00:02]} 7. O-O {[%emt 0:00:02]} d5 {[%emt 0:00:06] } 8.
exd5 {[%emt 0:00:02]} Nxd5 {[%emt 0:00:02]} 9. Re1 {[%emt 0:00:04]} Bg4 { [%emt
0:00:06]} 10. h3 {[%emt 0:00:05]} Bxf3 {[%emt 0:00:05]} 11. Nxf3 { [%emt
0:00:02]} Re8 {[%emt 0:00:22]} 12. Bb3 {[%emt 0:00:10]} Nf6 {[%emt 0:01:21]}
13. Ba4 {[%emt 0:00:45]} Nd7 {[%emt 0:00:38]} 14. Bb3 {[%emt 0:01:52]} a6
{[%emt 0:00:40]} 15. Be3 {[%emt 0:00:39]} Bxe3 {[%emt 0:00:10]} 16. Rxe3 {
[%emt 0:00:03]} Nc5 {[%emt 0:00:09]} 17. Bc2 {[%emt 0:00:11]} Qd6 {[%emt
0:00:53]} 18. Qd2 {[%emt 0:00:17]} Rad8 {[%emt 0:00:11]} 19. Rae1 {[%emt
0:00:06]} e4 {[%emt 0:00:43]} 20. Nh2 {[%emt 0:01:15]} Re7 {[%emt 0:01:07]} 21.
d4 { [%emt 0:01:14]} f5 {[%emt 0:00:40]} 22. Qd1 {[%emt 0:00:47]} Qf6 {[%emt
0:01:06]} 23. Qc1 {[%emt 0:01:00]} f4 {[%emt 0:00:45]} 24. R3e2 {[%emt
0:00:31]} Nd3 {[%emt 0:00:27]} 25. Bxd3 {[%emt 0:00:25]} exd3 {[%emt 0:00:04]}
26. Rxe7 { [%emt 0:00:01]} Nxe7 {[%emt 0:00:02]} 27. Nf3 {[%emt 0:00:02]} c5
{[%emt 0:00:09]} 28. Qd1 {[%emt 0:00:17]} cxd4 {[%emt 0:00:05]} 29. Qb3+ {[%emt
0:00:03]} Nd5 {[%emt 0:00:10]} 30. Nxd4 {[%emt 0:00:04]} d2 {[%emt 0:00:05]}
31. Rd1 { [%emt 0:00:04]} Kh8 {[%emt 0:00:07]} 32. Rxd2 {[%emt 0:00:02]} f3
{[%emt 0:00:02]} 33. Nxf3 {[%emt 0:00:02]} Nf4 {[%emt 0:00:11]} 34. Rxd8+
{[%emt 0:00:03]} Qxd8 {[%emt 0:00:02]} 35. Qxb7 {[%emt 0:00:03]} Ne2+ {[%emt
0:00:03]} 36. Kh2 { [%emt 0:00:03]} Qd6+ {[%emt 0:00:03]} 37. Kh1 {[%emt
0:00:02]} Qd1+ {[%emt 0:00:03] Landskr2-001 offers a draw} 1/2-1/2

[Event "DSJ Weihnachtsturnier U16: Lasker 2020"]
[Site ""]
[Date "2020.12.28"]
[Round "2"]
[White "Behr, Julian"]
[Black "Kazimov, Alis"]
[Result "1-0"]
[Termination "normal"]
[Board "11.2"]
[WhiteElo "1623"]
[BlackElo "1341"]
[WhiteTeam "SC Landskrone"]
[BlackTeam "Schachgemeinschaft Porz 2"]
[PlyCount "48"]
[WhiteFideId "16255410"]
[BlackFideId "16255348"]
[EventRounds "7"]
[EventType "team-swiss"]
[EventDate "2020.12.28"]

1. e4 {[%emt 0:00:08]} e5 {[%emt 0:00:03]} 2. Nf3 {[%emt 0:00:01]} Nc6 { [%emt
0:00:12]} 3. Bc4 {[%emt 0:00:02]} Bc5 {[%emt 0:00:04]} 4. d3 {[%emt 0:00:05]}
Nge7 {[%emt 0:00:48]} 5. Nc3 {[%emt 0:00:07] Landskr2-002 reconnected.} d6
{[%emt 0:00:45]} 6. Be3 {[%emt 0:00:04]} Bb6 {[%emt 0:00:26]} 7. Nd5 {[%emt
0:00:23]} Nxd5 {[%emt 0:00:42]} 8. Bxd5 {[%emt 0:00:06]} O-O {[%emt 0:00:05]
Landskr2-002 reconnected.} 9. O-O {[%emt 0:00:40]} Be6 {[%emt 0:00:43]
Landskr2-002 reconnected.} 10. Bb3 {[%emt 0:01:18] Landskr2-002 reconnected.}
Bxb3 {[%emt 0:00:41]} 11. axb3 {[%emt 0:00:00]} h6 {[%emt 0:00:26] Landskr2-002
reconnected.} 12. Qd2 {[%emt 0:00:20]} Bxe3 {[%emt 0:00:16]} 13. Qxe3 {[%emt
0:00:11]} Qd7 {[%emt 0:00:15]} 14. Ra4 {[%emt 0:00:17] Landskr2-002
reconnected. Landskr2-002 reconnected. Landskr2-002 reconnected.} f5 {[%emt
0:01:45]} 15. exf5 {[%emt 0:00:25] Landskr2-002 reconnected.} Rxf5 { [%emt
0:00:35] Landskr2-002 reconnected. Landskr2-002 reconnected.} 16. c3 { [%emt
0:01:12]} Raf8 {[%emt 0:00:25] Landskr2-002 reconnected.} 17. Rh4 { [%emt
0:00:31] Porz7-002 kibitzing!?} Rf4 {[%emt 0:00:19] Landskr2-002 : My a4h4
repeat.} 18. Ra1 {[%emt 0:00:21] Landskr2-002 reconnected.} Rxh4 {[%emt
0:01:27]} 19. Nxh4 {[%emt 0:00:00]} Qg4 {[%emt 0:00:26] Landskr2-002
reconnected. } 20. Qg3 {[%emt 0:00:23]} Qxg3 {[%emt 0:00:11]} 21. hxg3 {[%emt
0:00:07]} g5 { [%emt 0:00:03]} 22. Nf3 {[%emt 0:00:05]} Re8 {[%emt 0:00:04]
Porz7-002 offers a draw} 23. Nd2 {[%emt 0:00:12]} e4 {[%emt 0:00:01]} 24. Nxe4
{[%emt 0:00:05]} d5 {[%emt 0:00:01]} 1-0

[Event "DSJ Weihnachtsturnier U16: Lasker 2020"]
[Site ""]
[Date "2020.12.28"]
[Round "2"]
[White "Müller, Riyanna"]
[Black "Parladi, Berk"]
[Result "1-0"]
[Termination "normal"]
[Board "11.4"]
[WhiteElo "1364"]
[BlackElo "1113"]
[WhiteTeam "SC Landskrone"]
[BlackTeam "Schachgemeinschaft Porz 2"]
[PlyCount "27"]
[WhiteFideId "16287401"]
[EventRounds "7"]
[EventType "team-swiss"]
[EventDate "2020.12.28"]

1. e4 {[%emt 0:00:02]} e5 {[%emt 0:00:11]} 2. Nf3 {[%emt 0:00:03]} Nc6 { [%emt
0:00:18]} 3. Bc4 {[%emt 0:00:06]} Bc5 {[%emt 0:00:04]} 4. Nc3 {[%emt 0:00:03]}
Nf6 {[%emt 0:00:04]} 5. d3 {[%emt 0:00:01]} O-O {[%emt 0:00:21]} 6. Bg5 {[%emt
0:00:06]} d6 {[%emt 0:00:11]} 7. Nd5 {[%emt 0:00:03]} h6 {[%emt 0:01:24] } 8.
Nxf6+ {[%emt 0:00:13]} gxf6 {[%emt 0:00:11]} 9. Bxh6 {[%emt 0:00:03]} Re8
{[%emt 0:00:10]} 10. Nh4 {[%emt 0:00:04]} Nd4 {[%emt 0:00:18]} 11. c3 {[%emt
0:00:24]} Nc6 {[%emt 0:00:18]} 12. Qh5 {[%emt 0:00:09]} Re7 {[%emt 0:00:42]}
13. Qg6+ {[%emt 0:00:08]} Kh8 {[%emt 0:00:02]} 14. Qg7# {[%emt 0:00:02]} 1-0

[Event "DSJ Weihnachtsturnier U16: Lasker 2020"]
[Site ""]
[Date "2020.12.28"]
[Round "2"]
[White "Fischer, Darja"]
[Black "Kolkmann, Tom"]
[Result "0-1"]
[Termination "normal"]
[Board "12.1"]
[WhiteElo "1559"]
[BlackElo "1560"]
[WhiteTeam "Karlsruher SF 1853 2"]
[BlackTeam "Rhedaer Schachverein von 1931"]
[PlyCount "110"]
[WhiteFideId "16240898"]
[BlackFideId "34607013"]
[EventRounds "7"]
[EventType "team-swiss"]
[EventDate "2020.12.28"]

1. d4 {[%emt 0:00:00]} d5 {[%emt 0:00:06]} 2. c4 {[%emt 0:00:01]} e6 {[%emt
0:00:16]} 3. Nc3 {[%emt 0:00:05]} Nf6 {[%emt 0:00:02]} 4. Bg5 {[%emt 0:00:02]}
Bb4 {[%emt 0:00:15]} 5. Nf3 {[%emt 0:00:12]} h6 {[%emt 0:00:07]} 6. Bh4 { [%emt
0:00:06]} g5 {[%emt 0:00:11]} 7. Bg3 {[%emt 0:00:02]} Bxc3+ {[%emt 0:00:15]} 8.
bxc3 {[%emt 0:00:02]} Ne4 {[%emt 0:00:06]} 9. Qc2 {[%emt 0:00:02]} f5 { [%emt
0:01:11]} 10. e3 {[%emt 0:00:20]} Qf6 {[%emt 0:00:35]} 11. Be5 {[%emt 0:00:29]}
Qf8 {[%emt 0:00:09]} 12. Bxh8 {[%emt 0:00:02]} Qxh8 {[%emt 0:00:02]} 13. Bd3
{[%emt 0:00:09]} Nc6 {[%emt 0:00:28]} 14. cxd5 {[%emt 0:00:57]} exd5 { [%emt
0:00:06]} 15. c4 {[%emt 0:00:21]} Be6 {[%emt 0:00:10]} 16. cxd5 {[%emt
0:00:45]} Bxd5 {[%emt 0:00:23]} 17. Rb1 {[%emt 0:00:36]} O-O-O {[%emt 0:00:27]}
18. Qb2 {[%emt 0:00:46]} b6 {[%emt 0:00:22]} 19. a4 {[%emt 0:00:53]} a5 { [%emt
0:00:25]} 20. Ba6+ {[%emt 0:00:48]} Kb8 {[%emt 0:00:45]} 21. O-O { [%emt
0:00:13]} g4 {[%emt 0:00:55]} 22. Nd2 {[%emt 0:00:08]} h5 {[%emt 0:00:14] } 23.
Nxe4 {[%emt 0:00:05]} Bxe4 {[%emt 0:00:33]} 24. Rbc1 {[%emt 0:00:43]} Nb4
{[%emt 0:00:21]} 25. Be2 {[%emt 0:00:25]} Bd3 {[%emt 0:00:29]} 26. Rfe1 { [%emt
0:00:20]} Bxe2 {[%emt 0:00:11]} 27. Qxe2 {[%emt 0:00:01]} h4 {[%emt 0:00:20]}
28. g3 {[%emt 0:00:23]} h3 {[%emt 0:00:24]} 29. Rb1 {[%emt 0:00:13]} Qf6 {
[%emt 0:00:21]} 30. Rxb4 {[%emt 0:00:25]} axb4 {[%emt 0:00:07]} 31. Qb5 { [%emt
0:00:02]} Qe6 {[%emt 0:00:24]} 32. Rb1 {[%emt 0:01:03]} Rd5 {[%emt 0:00:03]}
33. Qf1 {[%emt 0:00:04]} c5 {[%emt 0:00:15]} 34. dxc5 {[%emt 0:00:03]} bxc5
{[%emt 0:00:03]} 35. Rd1 {[%emt 0:00:07]} Qe4 {[%emt 0:00:03]} 36. Rxd5 { [%emt
0:00:02]} Qxd5 {[%emt 0:00:02]} 37. a5 {[%emt 0:00:04]} b3 {[%emt 0:00:02]} 38.
a6 {[%emt 0:00:05]} Ka7 {[%emt 0:00:01]} 39. f3 {[%emt 0:00:04]} Qxf3 {[%emt
0:00:04]} 40. Qxf3 {[%emt 0:00:01]} gxf3 {[%emt 0:00:01]} 41. Kf2 { [%emt
0:00:01]} b2 {[%emt 0:00:01]} 42. Kxf3 {[%emt 0:00:01]} b1=Q {[%emt 0:00:02]}
43. g4 {[%emt 0:00:01]} Qe4+ {[%emt 0:00:02]} 44. Kg3 {[%emt 0:00:01]} Qxg4+
{[%emt 0:00:01]} 45. Kf2 {[%emt 0:00:01]} Kxa6 {[%emt 0:00:01]} 46. e4 { [%emt
0:00:02]} fxe4 {[%emt 0:00:02]} 47. Ke3 {[%emt 0:00:01]} Qf3+ {[%emt 0:00:01]}
48. Kd2 {[%emt 0:00:01]} e3+ {[%emt 0:00:02]} 49. Kd3 {[%emt 0:00:01]} e2+
{[%emt 0:00:02]} 50. Kc4 {[%emt 0:00:01]} e1=Q {[%emt 0:00:02]} 51. Kxc5 {
[%emt 0:00:01]} Qfc3+ {[%emt 0:00:02]} 52. Kd5 {[%emt 0:00:01]} Qcd2+ {[%emt
0:00:02]} 53. Kc4 {[%emt 0:00:02]} Qec1+ {[%emt 0:00:01]} 54. Kb3 {[%emt
0:00:01] } Qdb2+ {[%emt 0:00:02]} 55. Ka4 {[%emt 0:00:00]} Qca1# {[%emt
0:00:01]} 0-1